00877nam a2200253Ia 4500003000900000008004100009020001800050040001600068080002200084245011000106260004200216300001500258650004100273650002500314650002900339650002200368650002200390700003200412700003000444700002900474942000700503999001500510952009800525IN-BaIIA211028s9999 xx 000 0 eng d a90-277-0682-4 cIIA Library a082.2:52bIAU-S73 0aStructure and evolution of close binary systemscedited by Peter Eggleton, Simon Mitton, and John Whelan. aDordrechtbD. Reidel Publishingc1976 axii, 414p. aAstronomy and Astrophysics Thesaurus aBinary systems91186 aClose binary stars93592 aStellar evolution aStellar structure aEggleton, Peter., ed.99669 aMitton, Simon., ed.99670 aWhelan, John., ed.99671 cBK c5562d5562 00104070aBANbBANcGENd1977-09-27l0o082.2:52/ IAU-S73p6226r2021-11-05w1977-09-27yBK